00986nam a2200193 a 450000100060000000300080000600500170001400800410003103500190007204000280009104100080011908200210012710000360014824504490018426000380063330000250067165000260069670000700072246403BD-RjUL20211209054140.0851011s1954 ii 000 0 eng  a(BD-RjUL)46521 aDLCcCarPdBD-RjULbeng aeng a345.42bANL 19541 aAnand, R. L.q(Ram Lal),d1890-14aThe law of private defence :ban illuminating exposition of the most important branch of the criminal law in all conceivable phases and situations that have arisen in India, England, Canada, Austoalia [sic] and U. S. A., covering a wide range, with a specialised treatment of the right of private defence against illegal police acts or legal police acts illegally performed, with up-to-date case law /c R. L. Anand and Krishna Jagadisa Aiyar aAllahabad :bLaw Book Co.,c1954. aiii, 825 p.;c23 cm. 0aCriminal law zIndia.1 aAiyar, Krishna Jagadisa,d1885- [from old catalog]ejoint author.